| 000 | 00442nam a22001457a 4500 | ||
|---|---|---|---|
| 020 | _a81-713-0221-1 | ||
| 082 |
_a894.812.3 _bBHA/V |
||
| 100 | _aBASHEET | ||
| 245 | _aVISAPPU | ||
| 260 |
_aKOTTAYAM _bDC BOOKS _c2009 |
||
| 300 | _a78 | ||
| 520 | _aIts protagonist is Kunjupathumma, a naive, innocent and illiterate village belle. She falls in love with an educated, progressive, city-bred man, Nisaar Ahamed. | ||
| 650 | _aNOVEL | ||
| 942 | _cBK | ||
| 999 |
_c4824 _d4824 |
||